[Event "IV Tch-ESP Selecciones Autonomicas"]
[Site "Villava ESP"]
[Date "2009.05.03"]
[Round "6"]
[White "Llorente Zaro,A"]
[Black "Espinosa Aranda,A"]
[Result "0-1"]
[WhiteElo "2434"]
[BlackElo "2336"]

1.c4 c6 2.d4 d5 3.Nf3 Nf6 4.e3 e6 5.Nbd2 Nbd7 6.Bd3 Bd6 7.e4 dxe4 8.Nxe4 Nxe4
9.Bxe4 O-O 10.O-O h6 11.Re1 e5 12.Bc2 exd4 13.Qxd4 Nf6 14.Rd1 Be7 15.Qe5 Qe8
16.Qg3 Nh5 17.Qe5 Nf6 18.Re1 Bb4 19.Qxe8 Nxe8 20.Rd1 Bg4 21.Be3 Nf6 22.h3 Bxf3
23.gxf3 a6 24.Rd3 b5 25.Bb3 Rfd8 26.Rxd8+ Rxd8 27.Rc1 Rc8 28.Kf1 Kf8 29.Bc2 bxc4
30.Bf5 Re8 31.Rxc4 Nd5 32.Bc5+ Bxc5 33.Rxc5 Re5 34.Rxc6 Rxf5 35.Rxa6 Rxf3
36.Ra5 Nf4 37.b4 Rxh3 38.Kg1 Rc3 39.b5 Rc1+ 40.Kh2 Rb1 41.a4 Nd5 42.Ra7 Nc3
43.a5 Rxb5 44.a6 Ra5 45.Rc7 Rxa6 46.Rxc3 g5 47.Rc7 Kg7 48.Kg2 Kg6 49.Rc8 h5
50.Rf8 f6 51.Rh8 Ra3 52.Kh2 Ra4 53.Kg2 Rg4+ 54.Kh2 Kf5 55.f3 Rb4 56.Kg2 Rb2+
57.Kg1 Kf4 58.Rh6 Kxf3 59.Rxf6+ Kg3 60.Rf1 g4 61.Re1 Kh3 62.Kh1 g3 63.Kg1 h4
64.Ra1 Rb3 65.Rc1 Kg4 66.Rc4+ Kf3 67.Rc1 h3 68.Kh1 Rd3 69.Re1 Kf2 70.Rf1+ Ke2
71.Rf2+ gxf2 72.Kh2 Rf3  0-1

[Event "IV Tch-ESP Selecciones Autonomicas"]
[Site "Villava ESP"]
[Date "2009.05.03"]
[Round "6"]
[White "Bernal Moro,L"]
[Black "Argandona Riveiro,I"]
[Result "1-0"]
[WhiteElo "2448"]
[BlackElo "2371"]

1.c4 c6 2.e4 e5 3.Nf3 d6 4.d4 Nd7 5.Nc3 Ngf6 6.Be2 Be7 7.O-O O-O 8.Be3 a6
9.d5 cxd5 10.cxd5 Kh8 11.Nd2 Ng8 12.a4 Bg5 13.Bxg5 Qxg5 14.Nc4 Qe7 15.a5 Ndf6
16.Qb3 Ne8 17.Qb4 g5 18.Rfc1 Nh6 19.Na4 Rb8 20.Nd2 f5 21.Bxa6 f4 22.Bf1 g4
23.Nb6 g3 24.Nxc8 gxh2+ 25.Kh1 Rxc8 26.Rxc8 Ng4 27.Nf3 Nxf2+ 28.Kxh2 Qg7
29.Rc2 Ng4+ 30.Kg1 Qh6 31.Rc8 Rg8 32.Rac1 Qh5 33.Rxe8 Qxe8 34.Qxb7 Nf6 35.Qb4 Qd7
36.Rc6 Ne8 37.a6 Qg4 38.Qa3 Nf6 39.Qxd6 Nd7 40.Qe6  1-0

[Event "84th ch-ARG Semifinal"]
[Site "La Plata ARG"]
[Date "2009.05.04"]
[Round "7"]
[White "Koch,Ju"]
[Black "Pierrot,Fac"]
[Result "0-1"]
[WhiteElo "2052"]
[BlackElo "2424"]

1.c4 c6 2.e4 d5 3.exd5 cxd5 4.d4 Nf6 5.Nc3 e6 6.Nf3 Be7 7.Bd3 dxc4 8.Bxc4 O-O
9.O-O Nbd7 10.Re1 a6 11.Qe2 Nb6 12.Bd3 Bd7 13.Bg5 Bc6 14.Rad1 Nbd5 15.Ne5 Qd6
16.Nxc6 Qxc6 17.Qf3 Rac8 18.Qh3 g6 19.Be4 Nxe4 20.Nxe4 Rfe8 21.Rc1 Qd7 22.Bd2 Qa4
23.Nc3 Nxc3 24.Bxc3 Qxa2 25.Qf3 Qd5 26.Qxd5 exd5 27.Re5 Rcd8 28.Ba5 Bf6 29.Bxd8 Bxe5
30.dxe5 Rxd8 31.Rc7 d4 32.Kf1 d3 33.Ke1 Rd5 34.Rxb7 Rxe5+ 35.Kd2 Re2+ 36.Kxd3 Rxf2
37.b4 Rxg2 38.Ra7 Rxh2 39.Rxa6 Rb2 40.Kc4 h5 41.b5 h4 42.Ra3 Kf8 43.Kc5 Ke7
44.Kc6 g5 45.Re3+ Kf6 46.Rf3+ Ke6 47.b6 g4 48.Rf4 f5 49.b7 h3 50.Kc7 h2 51.Rf1 g3
52.Rh1 g2 53.Rxh2 Rxb7+  0-1

[Event "2nd Mayors Cup"]
[Site "Mumbai IND"]
[Date "2009.05.04"]
[Round "5"]
[White "Meenakshi,Sub"]
[Black "Deviatkin,A"]
[Result "0-1"]
[WhiteElo "2303"]
[BlackElo "2566"]

1.c4 c6 2.d4 d5 3.cxd5 cxd5 4.Nf3 Nc6 5.Nc3 Nf6 6.Bf4 Bf5 7.e3 e6 8.Qb3 Bb4
9.Bb5 O-O 10.O-O Qa5 11.a3 Bxc3 12.bxc3 Qb6 13.Nd2 Ne4 14.Nxe4 Bxe4 15.Qa4 Bc2
16.Qxc2 Qxb5 17.Rfb1 Qa6 18.e4 Rac8 19.Be3 dxe4 20.Qxe4 Rfd8 21.h3 Rd7 22.Qg4 Qd3
23.Rb3 Na5 24.Rd1 Qg6 25.Rb5 Qxg4 26.hxg4 Nc4 27.Bc1 a6 28.Rb4 Ne5 29.f3 h6
30.Bf4 Ng6 31.Bd2 Ne7 32.Rdb1 Rcc7 33.Bf4 Rxc3 34.Rxb7 Rxb7 35.Rxb7 Nd5 36.Bd6 Ne3
37.Ra7 Rc2 38.g3 Rg2+ 39.Kh1 Rf2 40.Rxa6 Rxf3 41.a4 Rf1+ 42.Kh2 Nxg4+ 43.Kg2 Ne3+
44.Kh2 Rf2+ 45.Kg1 Rg2+ 46.Kh1 Ra2 47.a5 Nf5 48.Bc7 Nxd4 49.Ra8+ Kh7 50.a6 Nf3
51.g4 e5  0-1

[Event "GM"]
[Site "Ostrava CZE"]
[Date "2009.05.05"]
[Round "3"]
[White "Socko,B"]
[Black "Laznicka,V"]
[Result "1/2-1/2"]
[WhiteElo "2637"]
[BlackElo "2598"]

1.c4 c6 2.e4 d5 3.exd5 cxd5 4.cxd5 Nf6 5.Qa4+ Nbd7 6.Nc3 g6 7.Nf3 Bg7 8.Bc4 O-O
9.d3 a6 10.Qa3 b6 11.O-O Bb7 12.Re1 Re8 13.Ng5 Rc8 14.d6 e6 15.Bf4 b5 16.Bb3 Nc5
17.Rad1 Nh5 18.Be3 Nxb3 19.axb3 f5 20.Nh3 Bf8 21.Bc5 Rxc5 22.Qxc5 Bxd6 23.Qe3 Qc7
24.g3 Qc6 25.f3 Qxf3 26.Qxf3 Bxf3 27.Rd2 Bb7 28.d4 h6 29.Nf2 Nf6 30.Rde2 Kf7
31.Nd3 b4 32.Na4 Bd5 33.Nac5 a5 34.Ra1 Ra8 35.Ne5+ Bxe5 36.dxe5 Ng8 37.Re3 Ne7
38.Nd7 Ra7 39.Nb6 g5 40.Rc1 Kg6 41.Rd3 Ra6 42.Nxd5 Nxd5 43.Rd4 f4 44.g4 h5
45.h3 hxg4 46.hxg4 Ra8 47.Rc6 Kf7 48.Rd2 Re8 49.Rh2 Ne3 50.Rh6 Kg7 51.Rhxe6 Rxe6
52.Rxe6 Nxg4 53.Re7+ Kg6 54.e6 Kf6 55.Re8 Ne5 56.Kg2 Nc6 57.Kh3 Nd4 58.e7 Nxb3
59.Kg4 Kf7 60.Rg8 Kxe7 61.Rxg5 Kd6 62.Kxf4 Nc5 63.Ke3 a4 64.Rg1 Kd5 65.Kd2 Kc4
66.Rc1+ Kd4 67.Kc2 Kc4 68.Rh1 Nb3 69.Rh4+ Nd4+ 70.Kb1 Kc5 71.Ka2 Nb3 72.Rh8 Kb5
73.Rb8+ Kc4 74.Rb7 Nc1+ 75.Kb1 Ne2 76.Rc7+ Kb3 77.Rd7 Kc4 78.Rh7 Nd4 79.Ka2 Nb3
80.Rh2 Nc1+ 81.Kb1 Nb3 82.Rh4+ Nd4 83.Ka2 Kd3 84.Rh8 Kc4 85.Rh4 Kd3 86.Rh5 Nb3
87.Rg5 Kc2 88.Rg2+ Kd3 89.Rg7 Kc4 90.Ra7 Kb5 91.Ra8 Nd2 92.Rd8 b3+ 93.Ka1 Nc4
94.Kb1 Kc5 95.Rb8 Ne5 96.Rh8 Nd3 97.Rh4 Nb4 98.Rh5+ Kb6 99.Rg5 Na2 100.Rg4 Kb5
101.Rh4 Ka5 102.Rg4 Kb5 103.Rh4 Ka5 104.Rg4  1/2-1/2

[Event "2nd Mayors Cup"]
[Site "Mumbai IND"]
[Date "2009.05.06"]
[Round "7"]
[White "Belov,Vl"]
[Black "Deviatkin,A"]
[Result "1/2-1/2"]
[WhiteElo "2623"]
[BlackElo "2566"]

1.c4 c6 2.Nf3 d5 3.e3 Nf6 4.Nc3 g6 5.d4 Bg7 6.Bd3 O-O 7.O-O Bg4 8.h3 Bxf3
9.Qxf3 e6 10.Bd2 c5 11.cxd5 cxd4 12.exd4  1/2-1/2

[Event "Copenhagen Chess Challenge"]
[Site "Ballerup DEN"]
[Date "2009.05.07"]
[Round "3"]
[White "Glud,J"]
[Black "Kristensen,Kaa"]
[Result "1-0"]
[WhiteElo "2454"]
[BlackElo "2244"]

1.c4 c6 2.Nf3 d5 3.g3 dxc4 4.a4 Nf6 5.Na3 Be6 6.Bg2 Bd5 7.Qc2 Na6 8.Nxc4 Nb4
9.Qc3 e6 10.d3 Bxc4 11.Qxc4 Qd5 12.Qxd5 cxd5 13.O-O Bd6 14.Nd4 a6 15.Bd2 Ke7
16.Bc3 Rac8 17.e4 Bc5 18.Nb3 Nxd3 19.exd5 Bb4 20.d6+ Kd7 21.Bxf6 gxf6 22.Bxb7 Rc2
23.Bxa6 Rxb2 24.Nd4 Bc5 25.Bxd3 Bxd4 26.Rab1 Kxd6 27.Rxb2 Bxb2 28.Rb1 Bd4
29.Rb4 Bc5 30.Rb7 Ra8 31.Bb5 Ra7 32.Rb8 Rc7 33.a5 f5 34.a6 Bd4 35.Rd8+ Ke5
36.Bd3 Rc3 37.Kf1 Ra3 38.f4+  1-0

[Event "ch-LTU"]
[Site "Vilnius LTU"]
[Date "2009.05.08"]
[Round "9"]
[White "Zagorskis,D"]
[Black "Kudzma,L"]
[Result "1-0"]
[WhiteElo "2514"]
[BlackElo "2231"]

1.c4 c6 2.Nf3 d5 3.e3 Nf6 4.Nc3 a6 5.Qc2 e6 6.d4 Nbd7 7.Bd3 dxc4 8.Bxc4 c5
9.a4 Qc7 10.Qe2 Bd6 11.O-O O-O 12.dxc5 Bxc5 13.b3 b6 14.Bb2 Bb7 15.h3 Rfd8
16.Rfd1 Ne5 17.Nxe5 Qxe5 18.Rxd8+ Rxd8 19.Bxa6 Bxa6 20.Qxa6 Ne4 21.Rd1 Rb8
22.Nxe4 Qxe4 23.Qd3 Qb4 24.Qc3 f6 25.Qxb4 Bxb4 26.Kf1 b5 27.axb5 Rxb5 28.Ke2 Ba5
29.Rd3 e5 30.e4 Kf7 31.Ba3 Ke8 32.Rd5  1-0

[Event "ch-RUS U20"]
[Site "Dagomys RUS"]
[Date "2009.05.09"]
[Round "10"]
[White "Rakhmanov,Ale"]
[Black "Lintchevski,D"]
[Result "1/2-1/2"]
[WhiteElo "2543"]
[BlackElo "2485"]

1.c4 c6 2.d4 d5 3.Nf3 Nf6 4.Nc3 dxc4 5.a4 Bf5 6.Ne5 e6 7.f3 Bb4 8.e4 Bxe4
9.fxe4 Nxe4 10.Bd2 Qxd4 11.Nxe4 Qxe4+ 12.Qe2 Bxd2+ 13.Kxd2 Qd5+ 14.Kc2 Na6
15.Nxc4 O-O 16.Qe5 Rac8 17.Rd1 Nb4+ 18.Kc1 Na2+ 19.Kc2 Nb4+ 20.Kc1  1/2-1/2

[Event "III Open"]
[Site "La Laguna ESP"]
[Date "2009.05.09"]
[Round "8"]
[White "Rivas Pastor,M"]
[Black "Fernandez Romero,Ern"]
[Result "1/2-1/2"]
[WhiteElo "2535"]
[BlackElo "2453"]

1.c4 c6 2.d4 d5 3.cxd5 cxd5 4.Nc3 Nc6 5.Nf3 Nf6 6.Bf4 Bf5 7.e3 e6 8.Bd3 Bd6
9.Bxd6 Qxd6 10.O-O O-O  1/2-1/2

[Event "FIDE Open"]
[Site "Ostrava CZE"]
[Date "2009.05.09"]
[Round "8"]
[White "Hausner,I"]
[Black "Sergeev,Vl"]
[Result "1/2-1/2"]
[WhiteElo "2393"]
[BlackElo "2479"]

1.c4 c6 2.e4 d5 3.exd5 cxd5 4.cxd5 Nf6 5.Bb5+ Nbd7 6.Nc3 a6 7.Be2 Nb6 8.Nf3 g6
9.d4 Bg7 10.Bf4 Nbxd5 11.Be5 O-O 12.O-O b6 13.Re1 Bh6 14.Bc4 Bb7 15.Bxf6 Nxf6
16.Ne5 b5 17.Bb3 e6 18.Qd3 b4 19.Na4 Bd5 20.Rad1 Ra7 21.Nc5 a5 22.Bxd5 Qxd5
23.b3 Rd8 24.Qb5 Rc8 25.Qd3 Bf8 26.Na4 Qb7 27.Nc4 Nd5 28.Qf3 Qc7 29.Re4 Qd8
30.g3 Bg7 31.Kg2 Qf6 32.Qe2 Qd8 33.Qf3 Rd7 34.Ree1 Re7 35.Rd3 Ra7 36.Red1 Bf8
37.h4 h5 38.Qe4 Bg7 39.Rf3 Rd7 40.Rfd3 Re7 41.Qf3 Bh8 42.Qe4 Rb8 43.Qf3 Rb5
44.Qe2 Qa8 45.Kg1 Qb8 46.Rf3 Bg7 47.Nd6 Rbb7 48.Nxb7 Qxb7 49.Nc5  1/2-1/2

[Event "ch-URU"]
[Site "Montevideo URU"]
[Date "2009.05.10"]
[Round "4"]
[White "Carvalho,Gu"]
[Black "Izquierdo,D"]
[Result "1/2-1/2"]
[WhiteElo "2239"]
[BlackElo "2288"]

1.c4 c6 2.d4 d5 3.e3 Nf6 4.Nf3 g6 5.Nc3 Bg7 6.Bd3 O-O 7.O-O Bf5 8.Qc2 Bxd3
9.Qxd3 Nbd7 10.Rd1 Qa5  1/2-1/2

[Event "Mitropa Cup w"]
[Site "Rogaska Slatina SLO"]
[Date "2009.05.11"]
[Round "3"]
[White "Franciskovic,B"]
[Black "Zimina,O"]
[Result "0-1"]
[WhiteElo "2262"]
[BlackElo "2330"]

1.c4 c6 2.e4 d5 3.exd5 cxd5 4.cxd5 Nf6 5.Nc3 Nxd5 6.Nf3 Nxc3 7.bxc3 g6 8.Qa4+ Nc6
9.Ne5 Qc7 10.Nxc6 bxc6 11.Be2 Bg7 12.O-O Rb8 13.Bf3 Rb5 14.d4 O-O 15.Be3 Be6
16.Rac1 Rc8 17.c4 Ra5 18.Qc2 Ra3 19.Qd2 Bf5 20.Rfd1 h5 21.h3 Qb7 22.d5 cxd5
23.cxd5 Rxc1 24.Rxc1 Qa6 25.Qb4 Bf6 26.g4 hxg4 27.hxg4 Bd7 28.g5 Bxg5 29.Bxg5 Rxf3
30.Qxe7 Qa4 31.Be3 Qg4+ 32.Kf1 Bb5+ 33.Ke1 Rf5 34.Bxa7 Rxd5 35.f3 Qg3+ 36.Bf2 Re5+  0-1

[Event "Young Stars of the World"]
[Site "Kirishi RUS"]
[Date "2009.05.12"]
[Round "4"]
[White "Belous,V"]
[Black "Dubov,Danii"]
[Result "0-1"]
[WhiteElo "2414"]
[BlackElo "2372"]

1.c4 c6 2.e4 d5 3.e5 d4 4.Bd3 c5 5.h3 Nc6 6.Nf3 Nb4 7.Qe2 e6 8.a3 Nxd3+ 9.Qxd3 Ne7
10.O-O b6 11.Qe4 Rb8 12.Re1 Bb7 13.Qf4 Ng6 14.Qg3 Be7 15.d3 O-O 16.Bg5 Bxf3
17.Bxe7 Qxe7 18.Qxf3 Qg5 19.Qg3 Qxg3 20.fxg3 f6 21.exf6 gxf6 22.Nd2 Ne5 23.Rxe5 fxe5
24.Re1 b5 25.cxb5 Rxb5 26.b3 Rfb8 27.Rxe5 c4 28.Rxb5 Rxb5 29.dxc4 Re5 30.Kf1 d3
31.Nf3 Re2 32.c5 e5 33.Ne1 e4 34.c6 Rc2  0-1

[Event "84th ch-ARG"]
[Site "La Plata ARG"]
[Date "2009.05.13"]
[Round "3"]
[White "Lafuente,P"]
[Black "Peralta,Fe"]
[Result "1/2-1/2"]
[WhiteElo "2524"]
[BlackElo "2545"]

1.c4 c6 2.Nf3 d5 3.e3 Nf6 4.Nc3 a6 5.b3 Bf5 6.Bb2 Nbd7 7.d4 e6 8.Bd3 Bxd3
9.Qxd3 Be7 10.O-O O-O 11.Rfd1 Re8 12.e4 dxe4 13.Nxe4 Nxe4 14.Qxe4 Qa5 15.a3 Rad8
16.Rd3 Qh5 17.Rad1 Qg6 18.Qe2 Qh5 19.h3 h6 20.Qe4 Bf6 21.R1d2 Be7 22.Qf4 Nf8
23.Qe4 Ng6 24.Rd1 Bd6 25.Bc1 Qa5 26.Bb2  1/2-1/2

[Event "TCh-FIN"]
[Site "Finland FIN"]
[Date "2009.05.15"]
[Round "9"]
[White "Karttunen,M"]
[Black "Kekki,P"]
[Result "1-0"]
[WhiteElo "2418"]
[BlackElo "2385"]

1.c4 c6 2.Nf3 d5 3.e3 Nf6 4.b3 g6 5.Bb2 Bg7 6.Be2 O-O 7.O-O Nbd7 8.d4 Ne4
9.Nc3 Nxc3 10.Bxc3 e6 11.Qc2 b6 12.b4 dxc4 13.Bxc4 Bb7 14.Be2 Qe7 15.a4 Rac8
16.a5 Rc7 17.Qb2 Rb8 18.axb6 axb6 19.Nd2 Bf8 20.Rfc1 Nf6 21.e4 Nd7 22.Qc2 Bh6
23.Re1 Bg7 24.Rab1 Ra8 25.Qd3 Rcc8 26.Qg3 Ba6 27.Bc4 Bh6 28.Bxa6 Rxa6 29.Nc4 Bg7
30.b5 cxb5 31.Bb4 Qd8 32.Nd6 Rc2 33.e5 Raa2 34.Rf1 Qa8 35.Qf4 f5 36.Qg5 Bf8
37.Nxb5 Bxb4 38.Rxb4 Ra1 39.Rbb1 Rxb1 40.Rxb1 Qa2 41.Rf1 Nf8 42.Nd6 Qa7 43.h4 Qd7
44.Ra1 Rc7 45.Rb1 Rc6 46.h5 h6 47.Qxh6 Qh7 48.Qd2 Qxh5 49.Ne8 Nh7 50.d5 Rc8
51.Nd6 Rc5 52.dxe6 Rxe5 53.Re1 Qg5 54.Qc3 Rxe1+ 55.Qxe1 Qe7 56.Nc8 Qe8 57.e7 Nf6
58.Qe6+ Qf7 59.Qxf6 Qxf6 60.e8=Q+ Kg7 61.Qd7+ Kh6 62.Qd2+ f4 63.Nd6 g5 64.f3 b5
65.Nxb5 Qa1+ 66.Kf2 Kh5 67.Nd4 Qa7 68.Ke2 Qa6+ 69.Qd3 Qa2+ 70.Qc2 Qa6+ 71.Kf2 Qb6
72.Qh7+  1-0

[Event "XXVIII Open"]
[Site "Zalakaros HUN"]
[Date "2009.05.15"]
[Round "8"]
[White "Amstadt,A"]
[Black "Gal,Laj"]
[Result "1/2-1/2"]
[WhiteElo "2219"]
[BlackElo "2123"]

1.c4 c6 2.d4 d5 3.Nf3 Nf6 4.e3 e6 5.Nbd2 Be7 6.Bd3 b6 7.e4 dxe4 8.Nxe4 Bb7
9.O-O Nbd7 10.Bf4 Nxe4 11.Bxe4 Nf6 12.Bc2 O-O 13.Qe2 c5 14.dxc5 Bxc5 15.Rad1 Qc8
16.Ne5 Rd8 17.a3 a5 18.Bg5 Qc7 19.Bxf6 gxf6 20.Qg4+ Kf8 21.Nf3 h6 22.Rfe1 Rxd1
23.Rxd1 Rd8 24.Re1 Bxf3 25.Qxf3 Rd2 26.Re2 Qd6 27.g3 Qd4 28.b4 axb4 29.axb4 Bxb4
30.Rxd2 Bxd2 31.Bd3 Be1 32.Be2 f5 33.h4 Kg7 34.Kf1 Bb4 35.Bd3 Bc5 36.Kg2 Qb2
37.Kf1 Qc1+ 38.Kg2 Qd2 39.Bf1 Bd4 40.Be2 Qe1 41.Bf1 Qe4 42.Bd3 Qxf3+ 43.Kxf3 Kf6
44.Bc2 e5 45.Ba4 e4+ 46.Ke2 Ke5 47.Be8 f6 48.f4+ Ke6 49.h5 Bg1 50.Bg6 Bh2
51.Kf2 e3+ 52.Kxe3 Bxg3 53.Bh7 Bh2 54.Bg6 Bg1+ 55.Kf3  1/2-1/2

[Event "XXVIII Open"]
[Site "Zalakaros HUN"]
[Date "2009.05.15"]
[Round "8"]
[White "Horvath,Gy1"]
[Black "Juhasz,Kr"]
[Result "1/2-1/2"]
[WhiteElo "2370"]
[BlackElo "2189"]

1.c4 c6 2.d4 d5 3.Nf3 Nf6 4.e3 Bg4 5.Qb3 Qb6 6.Ne5 Bf5 7.Nc3 e6 8.Be2 Nbd7
9.Nxd7 Nxd7 10.Bd2 Be7 11.O-O O-O 12.Rac1 Rfe8 13.Rfd1  1/2-1/2

[Event "Limpedea Cup"]
[Site "Baia Sprie ROM"]
[Date "2009.05.16"]
[Round "6"]
[White "Jianu,V"]
[Black "Manea,Al"]
[Result "1/2-1/2"]
[WhiteElo "2533"]
[BlackElo "2404"]

1.c4 c6 2.Nf3 d5 3.b3 Bg4 4.Bb2 Nd7 5.g3 Ngf6 6.Bg2 e6 7.O-O Bd6 8.d3 Qe7
9.Nbd2 Ba3 10.Qc1 Bxb2 11.Qxb2 O-O 12.Rac1 Rfe8 13.cxd5 exd5 14.Rfe1 Qb4
15.a3 Qb6 16.Qc3 Nf8 17.e3 Ne6 18.h3 Bxf3 19.Nxf3 Rad8 20.Qc2 Re7 21.b4 a5
22.Rb1 Ra8 23.Rec1 h6 24.Nd2 axb4 25.axb4 Ree8 26.Bf1 Ra3 27.d4 Rc8 28.Bd3 Nd8
29.Rb2 Rca8 30.b5 Qa7 31.bxc6 bxc6 32.Qb1 Ra1 33.Qxa1 Qxa1 34.Rxa1 Rxa1+
35.Kg2 Ra8 36.Nf3 Kf8 37.g4 Ke7 38.Kg3 Nd7 39.h4 Ra3 40.Bc2 Kd6 41.h5 Ke7
42.Nh4 Ra8 43.Nf5+ Kf6 44.Rb3 Ra1 45.Bb1 Ra7 46.f3 c5 47.f4 Ne6 48.dxc5 Ndxc5
49.Rb6 Rb7 50.Rxb7 Nxb7 51.Ba2  1/2-1/2

[Event "8th Asian Continental Women"]
[Site "Subic Bay PHI"]
[Date "2009.05.16"]
[Round "4"]
[White "Ju Wenjun"]
[Black "Munguntuul,B"]
[Result "1-0"]
[WhiteElo "2454"]
[BlackElo "2440"]

1.c4 c6 2.Nf3 d5 3.g3 Nf6 4.Bg2 Bf5 5.b3 e6 6.O-O Bd6 7.Bb2 Nbd7 8.d3 O-O
9.Nc3 h6 10.e4 Bh7 11.Qe2 Ne5 12.Nxe5 Bxe5 13.exd5 Bxc3 14.Bxc3 exd5 15.Qb2 Re8
16.cxd5 cxd5 17.Bxf6 Qxf6 18.Qxf6 gxf6 19.Bxd5 Bxd3 20.Bxb7 Rab8 21.Bc6 Re6
22.Rfc1 Rd8 23.a4 Bf5 24.b4 Rd2 25.b5 Be4 26.Bxe4 Rxe4 27.Rc7 Ree2 28.Rf1 Ra2
29.Rxa7 Reb2 30.Ra6 Kg7 31.b6 Kg6 32.a5 Rb5 33.Ra7 Rab2 34.b7 Rxb7 35.Rxb7 Rxb7
36.a6 Ra7 37.Ra1 Kf5 38.Kg2 Ke4 39.Ra4+ Kd5 40.Kf3 f5 41.Kf4 Ke6 42.Ra5  1-0

[Event "VI Moncada Open"]
[Site "Santiago de Cuba CUB"]
[Date "2009.05.18"]
[Round "3"]
[White "Douriet,A"]
[Black "Perez Rodriguez,Je"]
[Result "1/2-1/2"]
[WhiteElo "2302"]
[BlackElo "2191"]

1.c4 c6 2.d4 d5 3.Nf3 Nf6 4.g3 e6 5.Bg2 Nbd7 6.O-O Ne4 7.Qc2 Bd6 8.Nc3 Nxc3
9.bxc3 Nf6 10.Nd2 O-O 11.e4 dxe4 12.Nxe4 Nxe4 13.Bxe4 f5 14.Bg2 e5 15.Re1 Qf6
16.c5 Bc7 17.d5 cxd5 18.Bxd5+ Kh8 19.c4 Bd7 20.Bxb7 Bc6 21.Bxc6 Qxc6 22.Ba3 Rad8
23.Rad1 e4 24.Rxd8 Bxd8 25.Rd1 f4 26.Qd2 e3 27.fxe3 fxg3 28.Qg2 Qa4 29.Rf1 gxh2+
30.Kh1 Rxf1+ 31.Qxf1 Qc6+ 32.Kxh2 Bc7+ 33.Kg1 Qg6+ 34.Kf2 h5 35.Qh3 Qf7+
36.Kg2 Qg6+ 37.Kf2 Qf7+ 38.Kg2 Kh7 39.e4 Qg6+ 40.Kf3 Qe8 41.Bb2 Kg8 42.Qf5 h4
43.Kg4 Bg3 44.Qg5 Qxe4+ 45.Kh3 Qh1+ 46.Kg4 Qd1+ 47.Kh3 Qd7+ 48.Qg4 Qxg4+
49.Kxg4 Kf7 50.c6 g6 51.Bd4 a6 52.Bf2 Ke6 53.Bb6 Kd6 54.c7 Kd7 55.Ba5 Bxc7
56.Bxc7 Kxc7 57.Kxh4 Kc6 58.Kg5 Kc5 59.Kxg6 Kxc4 60.Kf5 Kc3 61.Ke4 a5 62.Ke3 a4
63.Ke2 a3 64.Ke3  1/2-1/2

[Event "TCh-ISR 2008-9"]
[Site "Israel ISR"]
[Date "2009.05.22"]
[Round "11"]
[White "Soffer,R"]
[Black "Zubov,A UKR"]
[Result "0-1"]
[WhiteElo "2475"]
[BlackElo "2564"]

1.c4 c6 2.d4 d5 3.Nc3 Nf6 4.e3 a6 5.Nf3 b5 6.c5 Nbd7 7.b4 a5 8.bxa5 Qxa5
9.Bd2 b4 10.Ne2 Ne4 11.Ng3 Nxd2 12.Nxd2 e5 13.Nb3 Qc7 14.Qd2 g6 15.Qxb4 h5
16.Be2 Bg7 17.O-O h4 18.Nh1 O-O 19.f4 exd4 20.exd4 Nf6 21.Bd3 Ba6 22.Bxa6 Rxa6
23.Rf3 Rb8 24.Qe1 Qa7 25.Nf2 Rxa2 26.Rxa2 Qxa2 27.Qd1 Rb4 28.Re3 Ne4 29.Nxe4 dxe4
30.Rc3 Qb2 31.Re3 Rxd4  0-1

[Event "8th Asian Continental Open"]
[Site "Subic Bay PHI"]
[Date "2009.05.22"]
[Round "10"]
[White "Garcia,Jan"]
[Black "Villamayor,B"]
[Result "1/2-1/2"]
[WhiteElo "2292"]
[BlackElo "2474"]

1.c4 c6 2.Nc3 d5 3.cxd5 cxd5 4.d4 Nf6 5.Nf3 Nc6 6.Bf4 Ne4 7.e3 Nxc3 8.bxc3 g6
9.Bd3 Bg7 10.O-O O-O 11.c4 dxc4 12.Bxc4 b6 13.Rc1 Bb7 14.Qa4 a6 15.Qa3 Rc8
16.Rfd1 b5 17.Be2 Qa5 18.Qxa5 Nxa5 19.Nd2 Bd5 20.a3 f5 21.Bf3 Bxf3 22.gxf3 Bf6
23.Bc7 Nc4 24.Nxc4 Rxc7 25.Nb6 Rb7 26.Rc6 Rd8 27.f4 Kf7 28.Rb1 Rd6 29.Rxd6 exd6
30.Nd5 Ke6 31.Nxf6 Kxf6 32.Kf1 Rc7 33.a4 Rb7 34.axb5 axb5 35.Ke2 h6 36.h4 b4
37.Kd3 d5 38.Kc2 Rc7+ 39.Kb3 Rc3+ 40.Kxb4 Rc2 41.Rf1 g5 42.Kb3 Re2 43.hxg5+ hxg5
44.fxg5+ Kxg5 45.Kb4 Rc2 46.Kb3 Re2 47.Kb4  1/2-1/2

[Event "18th CRO-Cup"]
[Site "Sibenik CRO"]
[Date "2009.05.23"]
[Round "4"]
[White "Drcelic,J"]
[Black "Dejanovic,M"]
[Result "1-0"]
[WhiteElo "2227"]
[BlackElo "2058"]

1.c4 c6 2.Nc3 Nf6 3.Nf3 d5 4.cxd5 cxd5 5.d4 Bf5 6.Qb3 Qb6 7.Nxd5 Nxd5 8.Qxd5 e6
9.Qb3 Qxb3 10.axb3 Bc2 11.e3 Bxb3 12.Bb5+ Nc6 13.Ne5 Bd5 14.f3 f6 15.Nxc6 Bxc6
16.Bxc6+ bxc6 17.Ra6 Kd7 18.Bd2 Bd6 19.O-O Bc7 20.Rfa1 Bb8 21.Ba5 Rc8 22.Bb6 e5
23.dxe5 Bxe5 24.Rxa7+ Rxa7 25.Rxa7+ Ke6 26.b4 f5 27.Bc5 Kd5 28.f4 Bc3 29.Kf2 Kc4
30.Rb7 Ra8 31.Kf3 Ra1 32.g4 fxg4+ 33.Kxg4 Rg1+ 34.Kf5 Rh1 35.Rb6 Rxh2 36.Rxc6 Bxb4
37.Bxb4+ Kxb4 38.e4 Rh5+ 39.Kg4 Rc5 40.Rb6+ Kc4 41.Rb7 Kd4 42.e5 Rc1 43.Kf5 g6+
44.Kf6 Rf1 45.Rb4+ Kc5 46.Ra4 h5 47.Kxg6 h4 48.f5 h3 49.Rh4 Rf3 50.Kf6 Re3
51.Ke6 Ra3 52.f6 Ra6+ 53.Kf5 Ra3 54.f7 Rf3+ 55.Ke6 Kc6 56.Rxh3  1-0

[Event "8th Asian Continental Open"]
[Site "Subic Bay PHI"]
[Date "2009.05.23"]
[Round "11"]
[White "Gomez,Joh"]
[Black "Wang Rui"]
[Result "0-1"]
[WhiteElo "2538"]
[BlackElo "2434"]

1.c4 c6 2.e4 d5 3.exd5 cxd5 4.cxd5 Nf6 5.Nc3 Nxd5 6.Nf3 Nxc3 7.bxc3 g6 8.h4 h5
9.Bc4 Bg7 10.Ng5 O-O 11.Qc2 Qb6 12.Ba3 Bf5 13.Qb3 Qxb3 14.axb3 Nd7 15.O-O Ne5
16.Bd5 Rfd8 17.Bxb7 Rab8 18.Be4 Bxe4 19.Nxe4 Nc6 20.Bc5 a5 21.Rab1 f5 22.Ng5 Rxd2
23.Rfe1 Rd5 24.Ba3 e5 25.b4 axb4 26.cxb4 Bf8 27.Rec1 Nxb4 28.Rc7 Rdb5 29.Ne6 Bh6
30.Rc4 Nd3 31.Rxb5 Rxb5 32.Rc8+ Kf7 33.Nd8+ Ke8 34.Nb7+ Kd7 35.Rd8+ Kc7 36.Rxd3 Kxb7
37.Rd7+ Kc8 38.Rh7 Bd2 39.Rg7 Rb6 40.g3 Bc3 41.Bc5 Rc6 42.Be3 Ba5 43.Re7 Bc7
44.Bg5 Kb7 45.Bh6 Ka6 46.Bg7 e4 47.Bd4 Kb5 48.Kf1 Kc4 49.Be3 Ba5 50.Ke2 Bc3
51.Rd7 Be5 52.Rd1 Ra6 53.Rc1+ Kd5 54.Rc5+ Ke6 55.Rb5 Bc7 56.Rb7 Rc6 57.Rb5 Rc3
58.Kd2 Ra3 59.Ke2 Ra1 60.Bd4 Ra2+ 61.Kf1 Rd2 62.Be3 Rc2 63.Ke1 Rc3 64.Ke2 Ra3
65.Bd4 Ra4 66.Be3 Ra1 67.Bd4 Ra2+ 68.Kf1 f4 69.gxf4 Bxf4 70.Rb6+ Kd5 71.Bg7 Bd6
72.Rb5+ Bc5 73.Bb2 Kc6 74.Rb3 Kd5 75.Kg2 Kc4 76.Rc3+ Kb4 77.Rc2 Kb5 78.Re2 e3
79.fxe3 Ba3 80.Bxa3 Rxe2+ 81.Kf3 Ra2 82.Be7 Kc6 83.Kf4 Kd5 84.Kg5 Ke6 85.Bd8 Rd2
86.Bc7 Rg2+ 87.Kh6 Kf5 88.Bd8 Rg3 89.Bb6 Rh3 90.e4+ Kxe4 91.Kxg6 Rxh4 92.Kg5 Rh1
93.Bc7 Rh3 94.Ba5 Rh1 95.Bd8 Kf3  0-1

[Event "Subic Open"]
[Site "Subic PHI"]
[Date "2009.05.27"]
[Round "4"]
[White "Dimakiling,O"]
[Black "Megaranto,S"]
[Result "0-1"]
[WhiteElo "2426"]
[BlackElo "2553"]

1.c4 c6 2.e4 d6 3.Nc3 e5 4.g3 Nf6 5.Bg2 Be7 6.Nge2 O-O 7.d4 exd4 8.Nxd4 Re8
9.O-O Bf8 10.h3 Na6 11.Re1 Nc5 12.b4 Ne6 13.Be3 g6 14.Nb3 Nd7 15.Rc1 b6 16.f4 Bb7
17.Rc2 Bg7 18.g4 Qh4 19.Rf1 g5 20.Ne2 gxf4 21.Nxf4 Nxf4 22.Bxf4 c5 23.Qxd6 Ne5
24.Qd2 Rad8 25.Qe2 cxb4 26.c5 bxc5 27.Rxc5 Qe7 28.Bg3 Rc8 29.Rxc8 Rxc8 30.Kh1 Ng6
31.Na5 Be5 32.Bxe5 Nxe5 33.Nxb7 Qxb7 34.Qd2 Qe7 35.Rf5 Rc5 36.g5 a5 37.h4 Qc7
38.Qf4 a4 39.Qg3 Ng6 40.Qxc7 Rxc7 41.h5 Nh4 42.Rb5 Rc1+ 43.Kh2 Rc2 44.Kg3 Nxg2
45.Rxb4 Rxa2 46.h6 Kf8 47.Rb8+ Ke7 48.Rh8 Ne1 49.Rxh7 Rg2+ 50.Kf4 Nd3+ 51.Kf5 Rf2+
52.Kg4 Ne5+ 53.Kg3 Rf3+ 54.Kg2 Rf4  0-1

[Event "TOP 16 Poule Basse"]
[Site "Le Port Marly FRA"]
[Date "2009.05.28"]
[Round "8"]
[White "Lazarev,V"]
[Black "Karim,I"]
[Result "1/2-1/2"]
[WhiteElo "2479"]
[BlackElo "2407"]

1.c4 c6 2.e4 d5 3.cxd5 cxd5 4.exd5 Nf6 5.Nc3 Nxd5 6.Nf3 Nc6 7.Bc4 e6 8.O-O Be7
9.d4 O-O 10.Re1 Nxc3 11.bxc3 b6 12.Bd3 Bf6 13.Qc2 g6 14.h4 Bb7 15.h5 Ne7
16.Ne5 Nf5 17.hxg6 hxg6 18.Qe2 Rc8 19.Bd2 Bg5 20.Rad1 Bxd2 21.Qxd2 Qh4 22.Bxf5 exf5
23.d5 Kg7 24.Re3 Rh8 25.Rh3 Qf6 26.Rxh8 Rxh8 27.f4 Rd8 28.c4 Qd6 29.Qd4 f6
30.Nd3 Re8 31.Nf2  1/2-1/2

[Event "Subic Open"]
[Site "Subic PHI"]
[Date "2009.05.28"]
[Round "5"]
[White "Xiu Deshun"]
[Black "Deepan,C"]
[Result "1/2-1/2"]
[WhiteElo "2422"]
[BlackElo "2482"]

1.c4 c6 2.Nf3 d5 3.d4 Nf6 4.Nc3 a6 5.e3 e6 6.Qc2 c5 7.cxd5 exd5 8.Be2 Nc6
9.Ne5 Qc7 10.Nxc6 Qxc6 11.O-O cxd4 12.exd4 Bd6 13.Bf3 h6 14.Bd2 O-O 15.Rac1 Be6
16.Qb3 Qd7 17.Na4 Ne4 18.Bxe4 dxe4 19.d5 Bxd5 20.Nb6 Bxb3 21.Nxd7 Bxa2 22.Nxf8 Rxf8
23.Ba5 Bb3 24.Bc7 Bxc7 25.Rxc7 Bd5 26.Rd1 Bc6 27.b4 Re8 28.Kf1 g6 29.Ke2 Kg7
30.Ke3 Re5 31.Rc1 Rg5 32.g3 Rb5 33.Rc4 a5 34.bxa5 Rxa5 35.Rc3 Rf5 36.Ke2 Ra5  1/2-1/2

[Event "3rd ENCI Limburg Open"]
[Site "Maastricht NED"]
[Date "2009.05.29"]
[Round "1"]
[White "Dambacher,M"]
[Black "Sprangers,R"]
[Result "1-0"]
[WhiteElo "2486"]
[BlackElo "2231"]

1.c4 c6 2.Nf3 d5 3.e3 Nf6 4.b3 Bf5 5.Bb2 e6 6.Be2 Nbd7 7.Nh4 Bg6 8.Nc3 dxc4
9.bxc4 Nc5 10.Nxg6 hxg6 11.Qc2 e5 12.d4 exd4 13.exd4 Ne6 14.O-O-O Bd6 15.d5 cxd5
16.Nxd5 Nxd5 17.Rxd5 O-O 18.g3 Qe7 19.h4 Ba3 20.h5 Bxb2+ 21.Qxb2 Rfd8 22.hxg6 Rxd5
23.cxd5 Qg5+ 24.Kb1 Qxg6+ 25.Ka1 Nc5 26.Qe5 Qc2 27.Qh5 Qc3+ 28.Kb1 Qb4+ 29.Kc2 Qe4+
30.Kc1 Nb3+ 31.axb3  1-0